Ako kvalitne učiť? Skúsenosti začínajúcich VŠ učiteľov /

Gespeichert in:
Bibliographische Detailangaben
Format: Buch
Veröffentlicht: Bratislava : Alternatíva Komunikácia Občania o.z. a Leadership Development Program Slovensko,o.z., 2007
Schlagworte:
Tags: Tag hinzufügen
Keine Tags, Fügen Sie das erste Tag hinzu!

MARC

LEADER 00000nam a22000003a 4500
001 stu200105
005 20141123092348.0
008 100224s2007----------------------------d
020 |a 978-80-969636-1-4 
040 |a STU  |b slo 
041 0
245 |a Ako kvalitne učiť? Skúsenosti začínajúcich VŠ učiteľov /  |c Ed. I. Mattová 
260 |a Bratislava :  |b Alternatíva Komunikácia Občania o.z. a Leadership Development Program Slovensko,o.z.,  |c 2007 
300 |a 183 s 
650 7 |a didaktika  |2 stusub 
650 7 |a pedagogika  |2 stusub 
650 7 |a Psychológia pedagogická  |2 stusub 
996 |b 284AU04451  |c A*6941 U  |l AAKNAR  |s A  |a 24  |w stu200105_0001